Chabrier. Un músico francés apasionado por España

Uloženo v:
Podrobná bibliografie
Hlavní autor: Lavagne, André (Autor)
Médium: Kniha
Jazyk:španělština
Vydáno: Madrid Espasa Calpe 1980
Témata:
Tagy: Přidat tag
Žádné tagy, Buďte první, kdo vytvoří štítek k tomuto záznamu!

MARC

LEADER 00000nam a2200000 a 4500
001 UCI4270
003 CL-VaPUC
008 080111e19800000SP |||||||||||||||||spa|d
020 |a 842395336X 
082 0 4 |a 927.8  |b LAV  |2 21 
100 |a Lavagne, André  |e author  |9 526067 
245 1 0 |a Chabrier. Un músico francés apasionado por España 
300 |a 113 p 
942 |c BK 
945 |d 20080111 00:00:00  |a rbrito 
260 |a Madrid  |b Espasa Calpe  |c 1980 
500 |a Donación Padres Capuchinos 
600 0 |a Chabrier, Emmanuel Alexis  |9 306359 
650 0 |a Biografías  |9 255210 
650 0 |a Músicos  |9 306340 
583 |a last modification  |c 20080111 00:00:00  |k Rodrigo Vera 
999 |c 328227  |d 328225 
952 |0 0  |1 0  |4 0  |6 927_800000000000000_LAV_1980  |7 0  |8 X  |9 412028  |a FDOBUD  |b FDOBUD  |d 2019-11-22  |i 4400887  |o 927.8 LAV 1980  |p 4400887  |r 2019-11-22  |w 2019-11-22  |y BK_X  |k BUD